|
|
|
|
| LEADER |
00000nab a2200000 a 4500 |
| 001 |
vtls010470164 |
| 003 |
SK-MaSNL |
| 005 |
20260318133013.0 |
| 008 |
121116|2012 xo | 000 0|hun |
| 015 |
|
|
|a SNBRB2012/11
|
| 038 |
|
|
|a DSZK
|
| 040 |
|
|
|a DSZK
|b slo
|c DSZK
|e AACR2
|
| 041 |
|
|
|a hun
|
| 044 |
|
|
|a xo
|c SK
|
| 080 |
|
|
|a 347.724
|2 2001
|
| 080 |
|
|
|a 712.25
|2 2001
|
| 080 |
|
|
|a 711.61
|2 2001
|
| 245 |
0 |
0 |
|a Jövőre a városi cég tisztítja a közterületeket
|b olcsóbb, ha az önkormányzati tulajdonú vállalat végez bizonyos szolgáltatásokat
|c [szerző] (und)
|
| 300 |
|
|
|b Fotogr.
|
| 610 |
2 |
7 |
|a Municipal Real Estate (Dunajská Streda, Slovensko)
|2 dszk
|9 1232479
|
| 650 |
0 |
7 |
|a spoločnosti s ručením obmedzeným
|2 dszk
|9 3649
|
| 650 |
0 |
7 |
|a mestská zeleň
|2 SNKPH
|9 2940
|
| 650 |
0 |
7 |
|a verejné priestranstvá
|2 SNKPH
|9 102205
|
| 650 |
0 |
7 |
|a údržba
|2 dszk
|9 267803
|
| 651 |
|
7 |
|a Dunajská Streda (Slovensko)
|2 SNKPHgeo
|9 17375
|
| 773 |
0 |
|
|t Csallóköz = Žitný ostrov
|g Évf. 52, sz. 46 (2012), o. 8
|
| 852 |
|
|
|a DSZK
|b KIS3GCP
|
| 958 |
|
|
|a HU
|
| 958 |
|
|
|a SK
|
| 999 |
|
|
|c 2174875
|d 2176805
|